[Event "SUI-ch HT1 118th"]
[Site "Lenzerheide"]
[Date "2018.07.12"]
[Round "1"]
[White "Kriste, Vincent"]
[Black "Achatz, Kirstin"]
[Result "1/2-1/2"]
[WhiteElo "2181"]
[BlackElo "1947"]
[PlyCount "130"]
[EventDate "2018.07.12"]
[EventType "swiss"]
[EventRounds "9"]
[EventCountry "SUI"]
[SourceTitle "EXT 2019"]
[Source "ChessBase"]
[SourceDate "2018.10.10"]
[SourceVersion "1"]
[SourceVersionDate "2018.10.10"]
[SourceQuality "1"]

1. c4 c5 2. g3 Nc6 3. Bg2 g6 4. Nc3 Bg7 5. Nf3 e5 6. 0-0 d6 7. a3 a5 8. Ne1 Be6 9. d3 Nge7 10. Nc2 d5 11. cxd5 Nxd5 12. Ne4 b6 13. Ng5 Qd7 14. Nxe6 Qxe6 15. Ne3 Nde7 16. Nc4 Rb8 17. Bd2 0-0 18. Rb1 Nd5 19. b4 cxb4 20. Bxd5 Qxd5 21. axb4 axb4 22. Bxb4 Rfd8 23. Bc3 b5 24. Ne3 Qd6 25. Qb3 b4 26. Ba1 Bf8 27. Rfc1 Nd4 28. Bxd4 Qxd4 29. Rc7 Rd7 30. Rbc1 Qd6 31. R7c6 Qd4 32. R6c4 Qd6 33. Ra1 Rdb7 34. h4 Qe6 35. Nf1 Bh6 36. Nh2 Bf8 37. Nf3 Rc7 38. Ng5 Qd5 39. Ne4 Kg7 40. Nd2 Rxc4 41. Nxc4 Qd4 42. Ra2 Rd8 43. Ra5 Re8 44. Ne3 Qc3 45. Qxc3 bxc3 46. Ra2 Rb8 47. Nd5 Bb4 48. Kg2 Rb5 49. e4 Ba5 50. Kf3 Rc5 51. Rc2 h5 52. Ke3 f6 53. f3 Kf7 54. f4 Ke6 55. d4 Rc4 56. fxe5 fxe5 57. dxe5 Kxe5 58. Kf3 Rd4 59. Ra2 Rd3+ 60. Ke2 Rd2+ 61. Rxd2 cxd2 62. Nf4 Kxe4 63. Nxg6 Kf5 64. Nf4 Kg4 65. Kd1 Kxg3 1/2-1/2

[Event "Erfurt HT op 27th"]
[Site "Erfurt"]
[Date "2017.12.28"]
[Round "5"]
[White "Achatz, Kirstin"]
[Black "Bonacic, Jascha"]
[Result "1/2-1/2"]
[WhiteElo "1876"]
[BlackElo "1980"]
[PlyCount "71"]
[EventDate "2017.12.26"]
[EventType "swiss"]
[EventRounds "8"]
[EventCountry "GER"]
[SourceTitle "CBM 182 Extra"]
[Source "ChessBase"]
[SourceDate "2018.02.23"]
[SourceVersion "1"]
[SourceVersionDate "2018.02.23"]
[SourceQuality "1"]

1. d4 Nf6 2. Bf4 g6 3. e3 Bg7 4. Nf3 0-0 5. Be2 d6 6. h3 Nbd7 7. 0-0 c5 8. c3 b6 9. Nbd2 Bb7 10. Bh2 Re8 11. a4 a6 12. Qb3 d5 13. Qc2 Ne4 14. Nxe4 dxe4 15. Nd2 e5 16. dxc5 Nxc5 17. Rfd1 f5 18. Nc4 Qc7 19. Nd6 Rf8 20. Nxb7 Nxb7 21. Rd5 Nc5 22. Rad1 Rad8 23. Bc4 Kh8 24. Rxd8 Rxd8 25. Rxd8+ Qxd8 26. b4 Nxa4 27. Qxa4 b5 28. Bxb5 axb5 29. Qxb5 Qd1+ 30. Qf1 Qd2 31. Qa1 h5 32. g3 Kh7 33. h4 Kh6 34. b5 Qd3 35. b6 Qb5 36. Qa7 1/2-1/2

[Event "Erfurt HT op 27th"]
[Site "Erfurt"]
[Date "2017.12.28"]
[Round "4"]
[White "Achatz, Kirstin"]
[Black "Schwarz, Hilmar"]
[Result "1-0"]
[WhiteElo "1876"]
[BlackElo "1913"]
[PlyCount "81"]
[EventDate "2017.12.26"]
[EventType "swiss"]
[EventRounds "8"]
[EventCountry "GER"]
[SourceTitle "CBM 182 Extra"]
[Source "ChessBase"]
[SourceDate "2018.02.23"]
[SourceVersion "1"]
[SourceVersionDate "2018.02.23"]
[SourceQuality "1"]

1. d4 d5 2. Bf4 f5 3. e3 Nf6 4. Nf3 e6 5. Nbd2 Be7 6. Ne5 0-0 7. Bd3 Nbd7 8. h3 c5 9. c3 Ne4 10. Ndf3 c4 11. Be2 Ndf6 12. Qc2 a5 13. b3 Nxc3 14. bxc4 Nxe2 15. Qxe2 Bb4+ 16. Kf1 dxc4 17. Qxc4 Ne4 18. Nd3 g5 19. Be5 g4 20. hxg4 fxg4 21. Qc2 gxf3 22. gxf3 Rxf3 23. Ke2 Rf7 24. Rag1+ Kf8 25. Rh2 Qd5 26. Rhg2 Qxa2 27. Qxa2 Nc3+ 28. Kf1 Nxa2 29. Rg8+ Ke7 30. Rh8 Bd6 31. Rgg8 Bd7 32. Rxa8 Bb5 33. Ke1 Nc3 34. Bxd6+ Kxd6 35. Ne5 Rg7 36. Rxa5 Ba6 37. f3 Nd5 38. Ng4 Rc7 39. Kd2 Rd7 40. e4 Nf4 41. Rc5 1-0